[Event "Rottach Egern Seniors Cup 10th"]
[Site "Rottach Egern"]
[Date "2022.03.31"]
[Round "6"]
[White "Eibl, Guenter"]
[Black "Streiter, Manfred"]
[Result "1/2-1/2"]
[WhiteElo "1736"]
[BlackElo "1872"]
[PlyCount "31"]
[EventDate "2022.03.26"]
[EventType "swiss"]
[EventRounds "9"]
[EventCountry "GER"]
[SourceTitle "CBM 207 Extra"]
[Source "ChessBase"]
[SourceDate "2022.05.31"]
[SourceVersion "1"]
[SourceVersionDate "2022.05.31"]
[SourceQuality "1"]

1. d4 Nf6 2. c4 c5 3. d5 b5 4. cxb5 a6 5. bxa6 Bxa6 6. Nc3 g6 7. e4 Bxf1 8. Kxf1 d6 9. g3 Bg7 10. Nge2 Nbd7 11. Kg2 Qb6 12. Qc2 0-0 13. h3 Rfb8 14. Rb1 Qb4 15. Be3 Ne5 16. b3 1/2-1/2

[Event "Wuerttemberg-ch KT"]
[Site "Stuttgart"]
[Date "2016.08.28"]
[Round "2"]
[White "Streiter, Manfred"]
[Black "Yi, Danny"]
[Result "1/2-1/2"]
[WhiteElo "1983"]
[BlackElo "1835"]
[PlyCount "117"]
[EventDate "2016.08.27"]
[EventType "swiss"]
[EventRounds "9"]
[EventCountry "GER"]
[SourceTitle "EXT 2017"]
[Source "ChessBase"]
[SourceDate "2016.10.25"]
[SourceVersion "1"]
[SourceVersionDate "2016.10.25"]
[SourceQuality "1"]

1. Nf3 Nf6 2. g3 g6 3. Bg2 Bg7 4. c4 c5 5. Nc3 Nc6 6. e3 0-0 7. 0-0 d6 8. a3 Qb6 9. d3 Bg4 10. Qc2 Rfd8 11. Rb1 a5 12. h3 Bxf3 13. Bxf3 Ne5 14. Bg2 e6 15. Nb5 d5 16. b4 cxb4 17. axb4 Rac8 18. bxa5 Qxa5 19. Bd2 Qb6 20. Nd4 Qd6 21. Bb4 Qd7 22. Ba5 Re8 23. c5 Bf8 24. Bb6 Ra8 25. f4 Nc6 26. Nf3 Ra6 27. Ra1 Rea8 28. Rxa6 Rxa6 29. Qb2 Bg7 30. d4 Ne4 31. Kh2 Qc8 32. Ra1 Qa8 33. Rxa6 Qxa6 34. Nd2 Nxd2 35. Qxd2 Qa3 36. Bf1 Qb3 37. Kg2 Bf6 38. Bc7 Bd8 39. Bxd8 Nxd8 40. Bd3 Nc6 41. Qc2 Qa3 42. Qd2 Nb4 43. Bb1 Qb3 44. Qc1 Kf8 45. Kf3 Ke7 46. g4 Nc6 47. Kf2 Na5 48. Qc2 Qb5 49. Ba2 Nc4 50. Qb3 Qa6 51. Qc2 Kd7 52. h4 Kc6 53. h5 Qb5 54. hxg6 hxg6 55. Bb3 Na3 56. Qd1 Qb4 57. Ba4+ Nb5 58. Qc2 b6 59. cxb6+ 1/2-1/2

[Event "Marianske Lazne op"]
[Site "Marianske Lazne"]
[Date "2010.01.17"]
[Round "2"]
[White "Streiter, Manfred"]
[Black "Kirillov, Dmitry"]
[Result "0-1"]
[WhiteElo "1906"]
[BlackElo "1913"]
[PlyCount "88"]
[EventDate "2010.01.16"]
[EventType "swiss"]
[EventRounds "9"]
[EventCountry "CZE"]
[SourceTitle "CBM 134 Extra"]
[Source "ChessBase"]
[SourceDate "2010.03.03"]
[SourceVersion "1"]
[SourceVersionDate "2010.03.03"]
[SourceQuality "1"]

1. d4 Nf6 2. Nf3 d5 3. c4 e6 4. Bg5 g6 5. Nc3 Bg7 6. cxd5 exd5 7. e3 0-0 8. Qb3 c6 9. Bd3 Qc7 10. Rc1 Be6 11. Bxf6 Bxf6 12. 0-0 Nd7 13. Nxd5 Bxd5 14. Qxd5 Qxh2+ 15. Kxh2 cxd5 16. Rc7 Nb6 17. Rxb7 Rfc8 18. Nd2 Kf8 19. Nb1 Nc4 20. Bxc4 Rxc4 21. Nc3 Be7 22. Nxd5 Bd6+ 23. Kg1 Rac8 24. Rxa7 Rc1 25. Nc3 Bh2+ 26. Kxh2 Rxf1 27. Kg3 h5 28. Kf3 g5 29. Rb7 Kg7 30. e4 Rf8 31. e5 Kg6 32. Rb6+ Kg7 33. Ke2 Rg1 34. Kf3 g4+ 35. Kg3 Rh1 36. d5 Kh7 37. Ne4 Kg7 38. e6 f5 39. Nc3 h4+ 40. Kf4 h3 41. gxh3 gxh3 42. Ne2 h2 43. Ng3 Rg1 44. Nxf5+ Kh7 0-1

[Event "Stuttgart-chA int"]
[Site "Ditzingen"]
[Date "2008.05.01"]
[Round "1"]
[White "Streiter, Manfred"]
[Black "Schuh, Karsten"]
[Result "0-1"]
[WhiteElo "1968"]
[BlackElo "2207"]
[PlyCount "42"]
[EventDate "2008.05.01"]
[EventType "swiss"]
[EventRounds "7"]
[EventCountry "GER"]
[SourceTitle "EXT 2018"]
[Source "ChessBase"]
[SourceDate "2017.10.13"]
[SourceVersion "1"]
[SourceVersionDate "2017.10.13"]
[SourceQuality "1"]

1. d4 f5 2. Nc3 d5 3. e4 dxe4 4. f3 Nf6 5. Bg5 g6 6. Bxf6 exf6 7. fxe4 fxe4 8. Nxe4 Bg7 9. c3 Qe7 10. Qe2 0-0 11. Nc5 Qd6 12. 0-0-0 Bf5 13. Qc4+ Kh8 14. Bd3 Bxd3 15. Nxd3 Na6 16. Nf3 Rae8 17. Rde1 c6 18. Qb3 b5 19. a3 Nc7 20. Qb4 Qd7 21. Qc5 Na6 0-1

[Event "Marianske Lazne op"]
[Site "Marianske Lazne"]
[Date "2008.01.19"]
[Round "1"]
[White "Streiter, Manfred"]
[Black "Turner, Jan"]
[Result "0-1"]
[WhiteElo "1952"]
[BlackElo "2347"]
[PlyCount "72"]
[EventDate "2008.01.19"]
[EventType "swiss"]
[EventRounds "9"]
[EventCountry "CZE"]
[SourceTitle "CBM 122 Extra"]
[Source "ChessBase"]
[SourceDate "2008.03.04"]
[SourceVersion "1"]
[SourceVersionDate "2008.03.04"]
[SourceQuality "1"]

1. d4 e6 2. Nf3 f5 3. c4 Nf6 4. Nc3 d6 5. g3 g6 6. Bg2 Bg7 7. 0-0 0-0 8. Qb3 Qe7 9. Bg5 h6 10. Bxf6 Qxf6 11. e3 Kh7 12. Nb5 Qe7 13. Rfd1 c6 14. Nc3 e5 15. dxe5 dxe5 16. Rd2 Be6 17. a4 Na6 18. Bf1 Nc5 19. Qc2 a5 20. Rad1 Rad8 21. Rxd8 Rxd8 22. Rd2 Re8 23. Nh4 e4 24. Ng2 Rd8 25. Ne2 Rxd2 26. Qxd2 Nxa4 27. Nd4 Qd8 28. b3 Nc5 29. b4 axb4 30. Nf4 Bf7 31. Qxb4 Bxd4 32. exd4 Qxd4 33. Qb6 Qd6 34. Qb4 Qe5 35. Qa5 Nd3 36. Qb6 Qc5 0-1